000 00752nam a2200253 a 4500
001 BRL_23
005 20190320210544.0
008 831220s1948####mx-a######---#000-0#spa-#
040 _aDLC
_cCarP
_dDLC
041 _aspa
044 _amx
050 4 _aN6550
_b.M67 1948
100 1 _aMoreno Villa, José
_910083
245 1 0 _aLo mexicano en las artes plásticas
_cJosé Moreno Villa.
260 _aMéxico
_bEl Colegio de México
_c1948
300 _a174 p.
_bil.
_c24 cm.
440 0 _aEnsayos críticos sobre arte mexicano
_v2
_922677
500 _aIncluye índice de nombres y ejemplos citados e índice de ilustraciones.
500 _aAu74
650 1 4 _aArte mexicano
_92321
650 1 4 _aArte español
_92063
902 _aGRL
942 _2lcc
_cB
999 _c8836
_d8836